[Event "Mittelrhein Verbandsliga-S 18/19"]
[Site "Nordrheinwestfalen"]
[Date "2019.04.07"]
[Round "9.4"]
[White "Kuhn, Andreas"]
[Black "Boehmer, Marcus"]
[Result "1-0"]
[WhiteElo "1973"]
[BlackElo "1790"]
[PlyCount "69"]
[EventDate "2018.09.02"]
[EventType "team-tourn"]
[EventRounds "11"]
[EventCountry "GER"]
[SourceTitle "EXT 2022"]
[Source "ChessBase"]
[SourceDate "2021.10.06"]
[SourceVersion "1"]
[SourceVersionDate "2021.10.06"]
[SourceQuality "1"]
[WhiteTeam "Niederkassel II"]
[BlackTeam "Koeln Lasker III"]
[WhiteTeamCountry "GER"]
[BlackTeamCountry "GER"]

1. Nf3 Nf6 2. g3 b6 3. Bg2 Bb7 4. 0-0 e6 5. c4 c5 6. Nc3 Be7 7. Re1 0-0 8. e4 d6 9. d4 Nbd7 10. e5 dxe5 11. dxe5 Ne8 12. Qc2 Nc7 13. Bf4 Qc8 14. Rad1 Rd8 15. Ne4 Bxe4 16. Qxe4 Nf8 17. h4 h5 18. Qe2 Rb8 19. Nd2 b5 20. Qxh5 bxc4 21. Nxc4 Nd5 22. Bg5 f6 23. Bc1 Qa6 24. Ne3 Nxe3 25. Rxe3 Rxd1+ 26. Qxd1 Qxa2 27. Ra3 Qc4 28. Rxa7 Rd8 29. Qe1 Qc2 30. Bf3 Ng6 31. Kg2 Kf8 32. Be4 Rd1 33. Bxc2 Rxe1 34. Bxg6 Rxc1 35. Ra8+ 1-0

[Event "Mittelrhein Verbandsliga-S 18/19"]
[Site "Nordrheinwestfalen"]
[Date "2018.09.30"]
[Round "2.2"]
[White "Vossenkuhl, Joachim"]
[Black "Boehmer, Marcus"]
[Result "1/2-1/2"]
[WhiteElo "1958"]
[BlackElo "1790"]
[PlyCount "41"]
[EventDate "2018.09.02"]
[EventType "team-tourn"]
[EventRounds "11"]
[EventCountry "GER"]
[SourceTitle "EXT 2022"]
[Source "ChessBase"]
[SourceDate "2021.10.06"]
[SourceVersion "1"]
[SourceVersionDate "2021.10.06"]
[SourceQuality "1"]
[WhiteTeam "Hennef"]
[BlackTeam "Koeln Lasker III"]
[WhiteTeamCountry "GER"]
[BlackTeamCountry "GER"]

1. d4 Nf6 2. Bf4 e6 3. e3 d5 4. Nd2 c5 5. c3 Nc6 6. Ngf3 cxd4 7. cxd4 Nh5 8. Bg5 Be7 9. Bxe7 Qxe7 10. Ne5 Nxe5 11. dxe5 g6 12. Qa4+ Bd7 13. Bb5 Ng7 14. Rc1 Bxb5 15. Qxb5+ Qd7 16. Qc5 b6 17. Qa3 Nf5 18. e4 Ne7 19. exd5 Qxd5 20. Qa4+ b5 21. Qe4 1/2-1/2